• 首页
  • 本馆介绍
  • 公告通知
  • 最新文献
  • 馆藏检索
  • 电子资源
  • 读者导购
  • 参考咨询
  • 我的图书馆
  • 登录
  • 详细信息显示
  • 放入我的书架
  • 预约/预借图书
  • 作者相关作品
  • 分类相关作品
  • 丛书相关作品
  • 出版社相关作品

书目信息

  • 表格格式
  • 工作单格式
  • 卡片格式
题名:
梵典与华章
    
 
作者: 郁龙余 著
分册:  
出版信息: 银川   宁夏人民出版社  2004
页数: 24,532页
开本: 23cmcm
丛书名: 跨文化丛书 : 外国作家与中国文化
单 册:
中图分类: G112 , G135.12 , G04
科图分类:
主题词: 比较文化 , 比较文化--中国--印度 , 传统文化 , 现代文化 , 传统文化--关系--现代文化
电子资源:
ISBN: 7-227-02789-9
000 01326oam2 2200349 450
005 20070607071539.98
010    @a7-227-02789-9@dCNY45.00
100    @a20060606d2004 ekmy0chiy0110 ea
101 0  @achi
102    @aCN@b640000
105    @aa z 000yy
200 1  @a梵典与华章@Afan dian yu hua zhang@e印度作家与中国文化@f郁龙余等著
210    @a银川@c宁夏人民出版社@d2004
215    @a24,532页@c照片@d23cmcm
225 2  @a跨文化丛书 : 外国作家与中国文化@i印度卷
300    @a南京大学北京大学中国文化书院跨文化研究院合作项目宁夏人民出版社“十五”国家重点图书
330    @a本书多角度阐述了中印两个伟大民族几千年的文化交流,内容有:华夏天竺·兼爱尚同、造福两国·泽及世界、天竺黄钟·华夏和鸣、大林深泉·荫泽东土、佛兴西方·法流东国等。
461  0 @12001 @a跨文化丛书 : 外国作家与中国文化
462  0 @12001 @a印度卷
510 1  @aIndian Classic Works and Chinese Classics : Indian Writers and Chinese Culture @zeng
517 1  @a印度作家与中国文化 @Ayin du zuo jia yu zhong guo wen hua
606 0  @a比较文化
606 0  @a比较文化@y中国@y印度
606 0  @a传统文化
606 0  @a现代文化
606 0  @a传统文化@x关系@x现代文化
690    @aG112 @v4
690    @aG135.12
690    @aG04@v3
701  0 @a郁龙余@Ayu long yu@4著
801  0 @aCN@bTAOJIN@c20070607
905    @a10447@dG04@e67
    
    梵典与华章:印度作家与中国文化/郁龙余等著 .-银川:宁夏人民出版社,2004
    24,532页:照片;23cmcm.-(跨文化丛书 : 外国作家与中国文化.印度卷 )
    南京大学北京大学中国文化书院跨文化研究院合作项目宁夏人民出版社“十五”国家重点图书
    
    ISBN 7-227-02789-9:CNY45.00
    本书多角度阐述了中印两个伟大民族几千年的文化交流,内容有:华夏天竺·兼爱尚同、造福两国·泽及世界、天竺黄钟·华夏和鸣、大林深泉·荫泽东土、佛兴西方·法流东国等。
●
相关链接 在E读中查询图书 在五车中查询图书 在当当中查询图书 在豆瓣中查询图书


正题名:梵典与华章     索取号:G04/67         预约/预借

序号 登录号 条形码 馆藏地/架位号 状态 备注
1 0527236   205272364   第一样本阅览室/ [索取号:G04/67] 在馆    
2 0527237   205272373   第四借阅区/ [索取号:G04/67] 在馆    
3 0527238   205272382   第四借阅区/ [索取号:G04/67] 在馆    
唐山师范学院图书馆 欢迎您!
大连网信软件有限公司© 版权所有